<?xml version="1.0" encoding="UTF-8"?>
<record
    xmlns:xsi="http://www.w3.org/2001/XMLSchema-instance"
    xsi:schemaLocation="http://www.loc.gov/MARC21/slim http://www.loc.gov/standards/marcxml/schema/MARC21slim.xsd"
    xmlns="http://www.loc.gov/MARC21/slim">

  <leader>00608nam a22001577a 4500</leader>
  <datafield tag="999" ind1=" " ind2=" ">
    <subfield code="c">61406</subfield>
    <subfield code="d">61406</subfield>
  </datafield>
  <controlfield tag="005">20240307113342.0</controlfield>
  <controlfield tag="008">240307s1987    ru ||||| |||| 00| 0 rus d</controlfield>
  <datafield tag="041" ind1=" " ind2=" ">
    <subfield code="a">rus</subfield>
  </datafield>
  <datafield tag="080" ind1=" " ind2=" ">
    <subfield code="a">008(091)(4+73) K-36</subfield>
  </datafield>
  <datafield tag="100" ind1=" " ind2=" ">
    <subfield code="a">&#x41A;&#x435;&#x440;&#x442;&#x43C;&#x430;&#x43D;, &#x41B;.&#x415;.</subfield>
    <subfield code="9">21359</subfield>
  </datafield>
  <datafield tag="245" ind1=" " ind2=" ">
    <subfield code="a">&#x418;&#x441;&#x442;&#x43E;&#x440;&#x438;&#x44F; &#x43A;&#x443;&#x43B;&#x44C;&#x442;&#x443;&#x440;&#x44B; &#x441;&#x442;&#x440;&#x430;&#x43D; &#x415;&#x432;&#x440;&#x43E;&#x43F;&#x44B; &#x438; &#x410;&#x43C;&#x435;&#x440;&#x438;&#x43A;&#x438; (1870-1917)</subfield>
    <subfield code="c">&#x41B;.&#x415;. &#x41A;&#x435;&#x440;&#x442;&#x43C;&#x430;&#x43D;.</subfield>
  </datafield>
  <datafield tag="264" ind1=" " ind2=" ">
    <subfield code="a">&#x41C;&#x43E;&#x441;&#x43A;&#x432;&#x430; :</subfield>
    <subfield code="b">&#x412;&#x44B;&#x441;&#x448;. &#x448;&#x43A;&#x43E;&#x43B;&#x430;, </subfield>
    <subfield code="c">1987.</subfield>
  </datafield>
  <datafield tag="300" ind1=" " ind2=" ">
    <subfield code="a">304 &#x441;.</subfield>
    <subfield code="b">24 .</subfield>
    <subfield code="c">&#x441;&#x43C;.</subfield>
  </datafield>
  <datafield tag="653" ind1=" " ind2=" ">
    <subfield code="a">&#x10D4;&#x10D5;&#x10E0;&#x10DD;&#x10DE;&#x10D8;&#x10E1;&#x10D0; &#x10D3;&#x10D0; &#x10D0;&#x10DB;&#x10D4;&#x10E0;&#x10D8;&#x10D9;&#x10D8;&#x10E1; &#x10D9;&#x10E3;&#x10DA;&#x10E2;&#x10E3;&#x10E0;&#x10D8;&#x10E1; &#x10D8;&#x10E1;&#x10E2;&#x10DD;&#x10E0;&#x10D8;&#x10D0;</subfield>
  </datafield>
  <datafield tag="942" ind1=" " ind2=" ">
    <subfield code="2">udc</subfield>
    <subfield code="c">BK</subfield>
  </datafield>
  <datafield tag="952" ind1=" " ind2=" ">
    <subfield code="0">0</subfield>
    <subfield code="1">0</subfield>
    <subfield code="2">udc</subfield>
    <subfield code="4">0</subfield>
    <subfield code="6">008091473_K36</subfield>
    <subfield code="7">0</subfield>
    <subfield code="9">98246</subfield>
    <subfield code="a">CPL</subfield>
    <subfield code="b">CPL</subfield>
    <subfield code="c">GEN</subfield>
    <subfield code="d">2024-03-07</subfield>
    <subfield code="g">10.00</subfield>
    <subfield code="o">008(091)(4+73) K-36</subfield>
    <subfield code="p">65750</subfield>
    <subfield code="r">2024-03-07</subfield>
    <subfield code="t">65750</subfield>
    <subfield code="u">&#x10D1;&#x10E1;&#x10E3;-&#x10E1; &#x10E1;&#x10D0;&#x10DE;&#x10D0;&#x10E2;&#x10D8;&#x10DD; &#x10D3;&#x10DD;&#x10E5;&#x10E2;&#x10DD;&#x10E0;&#x10D8;&#x10E1; &#x10D2;&#x10E3;&#x10E0;&#x10D0;&#x10DB; &#x10DA;&#x10DD;&#x10E0;&#x10D7;&#x10E5;&#x10D8;&#x10E4;&#x10D0;&#x10DC;&#x10D8;&#x10EB;&#x10D8;&#x10E1; &#x10E1;&#x10D0;&#x10E9;&#x10E3;&#x10E5;&#x10D0;&#x10E0;&#x10D8;</subfield>
    <subfield code="w">2024-03-07</subfield>
    <subfield code="y">BK</subfield>
    <subfield code="z">10 &#x10DA;.</subfield>
  </datafield>
</record>
